<?xml version="1.0" encoding="UTF-8"?>
<record
    xmlns:xsi="http://www.w3.org/2001/XMLSchema-instance"
    xsi:schemaLocation="http://www.loc.gov/MARC21/slim http://www.loc.gov/standards/marcxml/schema/MARC21slim.xsd"
    xmlns="http://www.loc.gov/MARC21/slim">

  <leader>01619nam0a22003371  4500</leader>
  <controlfield tag="001">RU\NLR\A1SV\49823</controlfield>
  <controlfield tag="005">20251203171251.9</controlfield>
  <datafield tag="035" ind1=" " ind2=" ">
    <subfield code="a">(NLR Aleph) 009731844</subfield>
  </datafield>
  <datafield tag="090" ind1=" " ind2=" ">
    <subfield code="a">9912454</subfield>
    <subfield code="c">9912454</subfield>
  </datafield>
  <datafield tag="100" ind1=" " ind2=" ">
    <subfield code="a">20040218d1924    u  y0rusy50      ca</subfield>
  </datafield>
  <datafield tag="101" ind1="0" ind2=" ">
    <subfield code="a">rus</subfield>
  </datafield>
  <datafield tag="102" ind1=" " ind2=" ">
    <subfield code="a">RU</subfield>
  </datafield>
  <datafield tag="200" ind1="1" ind2=" ">
    <subfield code="a">&#x421;&#x43A;&#x430;&#x437;&#x43A;&#x430;-&#x431;&#x44B;&#x43B;&#x44C; &#x43E; &#x41C;&#x430;&#x440;&#x44C;&#x435; &#x445;&#x440;&#x430;&#x431;&#x440;&#x43E;&#x439;, &#x43D;&#x435;&#x437;&#x430;&#x43C;&#x43E;&#x440;&#x441;&#x43A;&#x43E;&#x43C; &#x414;&#x43E;&#x431;&#x440;&#x43E;&#x43C; &#x425;&#x438;&#x43C;&#x435; &#x438; &#x437;&#x430;&#x43C;&#x43E;&#x440;&#x441;&#x43A;&#x43E;&#x439; &#x441;&#x430;&#x440;&#x430;&#x43D;&#x447;&#x435;</subfield>
    <subfield code="e">[&#x412; &#x441;&#x442;&#x438;&#x445;&#x430;&#x445;]</subfield>
    <subfield code="f">&#x421;&#x43E;&#x447;. &#x410;&#x43B;&#x435;&#x43A;&#x441;&#x430;&#x43D;&#x434;&#x440;&#x430;-&#x418;&#x43B;&#x44C;&#x438;&#x43D;&#x441;&#x43A;&#x43E;&#x433;&#x43E;-&#x411;&#x43B;&#x44E;&#x43C;&#x435;&#x43D;&#x430;&#x443;</subfield>
    <subfield code="g">[&#x420;&#x438;&#x441;. &#x414;.&#x41C;&#x435;&#x43B;&#x44C;&#x43D;&#x438;&#x43A;&#x43E;&#x432;&#x430;]</subfield>
  </datafield>
  <datafield tag="210" ind1=" " ind2=" ">
    <subfield code="a">&#x41C;.</subfield>
    <subfield code="c">&#x413;&#x43E;&#x441;. &#x432;&#x43E;&#x435;&#x43D;. &#x438;&#x437;&#x434;.</subfield>
    <subfield code="d">1924</subfield>
  </datafield>
  <datafield tag="215" ind1=" " ind2=" ">
    <subfield code="a">42, [2] &#x441;.</subfield>
    <subfield code="c">&#x438;&#x43B;.</subfield>
    <subfield code="d">21 &#x441;&#x43C;</subfield>
  </datafield>
  <datafield tag="300" ind1=" " ind2=" ">
    <subfield code="a">&#x41D;&#x430;&#x43F;&#x435;&#x447;. &#x432; &#x41B;&#x435;&#x43D;&#x438;&#x43D;&#x433;&#x440;&#x430;&#x434;&#x435;</subfield>
  </datafield>
  <datafield tag="451" ind1=" " ind2="1">
    <subfield code="1">001RU\NLR\A1SV\49824</subfield>
    <subfield code="9">9912457</subfield>
    <subfield code="a">&#x418;&#x43B;&#x44C;&#x438;&#x43D;&#x441;&#x43A;&#x438;&#x439;-&#x411;&#x43B;&#x44E;&#x43C;&#x435;&#x43D;&#x430;&#x443;, &#x410;. &#x410;. (1885-1971)</subfield>
    <subfield code="c">&#x41C;.</subfield>
    <subfield code="d">1925</subfield>
    <subfield code="e">2-&#x435; &#x438;&#x437;&#x434;.</subfield>
    <subfield code="f">&#x421;&#x43E;&#x447;. &#x410;&#x43B;&#x435;&#x43A;&#x441;&#x430;&#x43D;&#x434;&#x440;&#x430;-&#x418;&#x43B;&#x44C;&#x438;&#x43D;&#x441;&#x43A;&#x43E;&#x433;&#x43E;-&#x411;&#x43B;&#x44E;&#x43C;&#x435;&#x43D;&#x430;&#x443;</subfield>
    <subfield code="n">&#x413;&#x43E;&#x441;. &#x432;&#x43E;&#x435;&#x43D;. &#x438;&#x437;&#x434;.</subfield>
    <subfield code="o">[&#x412; &#x441;&#x442;&#x438;&#x445;&#x430;&#x445;]</subfield>
    <subfield code="p">42, [2] &#x441;.</subfield>
    <subfield code="t">&#x421;&#x43A;&#x430;&#x437;&#x43A;&#x430;-&#x431;&#x44B;&#x43B;&#x44C; &#x43E; &#x41C;&#x430;&#x440;&#x44C;&#x435; &#x445;&#x440;&#x430;&#x431;&#x440;&#x43E;&#x439;, &#x43D;&#x435;&#x437;&#x430;&#x43C;&#x43E;&#x440;&#x441;&#x43A;&#x43E;&#x43C; &#x414;&#x43E;&#x431;&#x440;&#x43E;&#x43C; &#x425;&#x438;&#x43C;&#x435; &#x438; &#x437;&#x430;&#x43C;&#x43E;&#x440;&#x441;&#x43A;&#x43E;&#x439; &#x441;&#x430;&#x440;&#x430;&#x43D;&#x447;&#x435;</subfield>
  </datafield>
  <datafield tag="620" ind1=" " ind2=" ">
    <subfield code="d">&#x41C;&#x43E;&#x441;&#x43A;&#x432;&#x430;</subfield>
  </datafield>
  <datafield tag="620" ind1=" " ind2=" ">
    <subfield code="d">&#x421;&#x430;&#x43D;&#x43A;&#x442;-&#x41F;&#x435;&#x442;&#x435;&#x440;&#x431;&#x443;&#x440;&#x433;</subfield>
  </datafield>
  <datafield tag="700" ind1=" " ind2="1">
    <subfield code="7">ca</subfield>
    <subfield code="8">rus</subfield>
    <subfield code="a">&#x418;&#x43B;&#x44C;&#x438;&#x43D;&#x441;&#x43A;&#x438;&#x439;-&#x411;&#x43B;&#x44E;&#x43C;&#x435;&#x43D;&#x430;&#x443;</subfield>
    <subfield code="b">&#x410;. &#x410;.</subfield>
    <subfield code="f">1885-1971</subfield>
    <subfield code="g">&#x410;&#x43B;&#x435;&#x43A;&#x441;&#x430;&#x43D;&#x434;&#x440; &#x410;&#x434;&#x43E;&#x43B;&#x44C;&#x444;&#x43E;&#x432;&#x438;&#x447;</subfield>
    <subfield code="9">234694</subfield>
    <subfield code="3">RU\NLR\AUTH\770234750</subfield>
  </datafield>
  <datafield tag="702" ind1=" " ind2="1">
    <subfield code="a">&#x41C;&#x435;&#x43B;&#x44C;&#x43D;&#x438;&#x43A;&#x43E;&#x432;</subfield>
    <subfield code="b">&#x414;.&#x418;.</subfield>
    <subfield code="f">1889-1966</subfield>
    <subfield code="g">&#x414;&#x43C;&#x438;&#x442;&#x440;&#x438;&#x439; &#x418;&#x432;&#x430;&#x43D;&#x43E;&#x432;&#x438;&#x447;</subfield>
  </datafield>
  <datafield tag="801" ind1=" " ind2="0">
    <subfield code="a">RU</subfield>
    <subfield code="b">NLR</subfield>
    <subfield code="c">20040218</subfield>
  </datafield>
  <datafield tag="852" ind1=" " ind2=" ">
    <subfield code="a">NLR</subfield>
    <subfield code="j">38/492</subfield>
  </datafield>
  <datafield tag="899" ind1=" " ind2=" ">
    <subfield code="a">&#x420;&#x41A;&#x41F;</subfield>
  </datafield>
  <datafield tag="899" ind1=" " ind2=" ">
    <subfield code="a">&#x411;&#x410;&#x41D;</subfield>
  </datafield>
  <datafield tag="899" ind1=" " ind2=" ">
    <subfield code="a">&#x420;&#x413;&#x411;</subfield>
  </datafield>
  <datafield tag="899" ind1=" " ind2=" ">
    <subfield code="a">&#x41D;&#x411; &#x422;&#x413;&#x423;</subfield>
  </datafield>
  <datafield tag="942" ind1=" " ind2=" ">
    <subfield code="c">BOOK</subfield>
  </datafield>
  <datafield tag="980" ind1=" " ind2=" ">
    <subfield code="a">NB</subfield>
  </datafield>
  <datafield tag="980" ind1=" " ind2=" ">
    <subfield code="a">A1SV</subfield>
  </datafield>
</record>
